000 03270cam a22006014i 4500
003 PE-LiUPU
005 20250731165612.0
008 150706s2009 ck a rb 000 0 spa d
020 _a9789582009823
035 _a(Sirsi) i9789582009823
035 _a(Sirsi) i9789582009823
040 _aPE-LiUPU
_bspa
_cPE-LiUPU
_dPE-LiUPU
_erda
049 _aPRUA
082 0 4 _a001.42
_bC22
_220
100 1 _aCampos Arenas, Agustín,
_eautor.
245 1 0 _aMétodos mixtos de investigación :
_bintegración de la investigación cuantitativa y la investigación cualitativa /
_cAgustín Campos Arenas.
250 _aPrimera edición.
264 1 _aBogotá :
_bCooperativa Editorial Magisterio,
_c2009.
300 _a127 páginas :
_bilustraciones ;
_c24 cm.
336 _atext
_2rdacontent
337 _aunmediated
_2rdamedia
338 _avolume
_2rdacarrier
490 0 _aColección investigar magisterio
504 _aBibliografía : páginas 95-99.
505 0 _aConocimientos previos necesarios -- Triangulación -- El método cuantitativo y el método cualitativo: en busca de la supremacía -- El método cuantitativo -- El método cualitativo -- El debate -- La solución -- Los métodos mixtos de investigación -- Desarrollo de los métodos mixtos -- Características -- Reglas de integración de los métodos -- Componentes de su diseño -- Aproximaciones operativas a los métodos mixtos de investigación -- Investigación con los métodos mixtos -- Tipos de métodos mixtos de investigación -- Representación gráfica de los diseños de métodos mixtos -- El proceso de la investigación en los métodos mixtos -- El proceso de investigación -- Recolección y procesamiento de datos -- Otros aspectos relacionados con los métodos mixtos -- Fortalezas y debilidades -- Difusión -- Publicaciones.
526 _aSEG44
526 _aSEG26
526 _aP151
526 _aP150
526 _aP149
526 _aP146
526 _aP145
526 _aP126
526 _aP125
526 _aP92
526 _aP75
526 _aP74
526 _aP27
526 _aP15
541 _g001142;
541 _g002-00000599;
650 0 4 _aInvestigación científica.
650 0 4 _aInvestigación
_xMetodología.
650 0 4 _aMetodología Cientifica.
_92427
910 _agl
_bjv
_cng
_d20120222
910 _adbm
_bcsm
_ccsm
_d20181121
942 _2ddc
_cBOOK
949 _aPGE 001.42 C22
_wDEWEY
_c1
_i64327
_lPOSTGRADO
_mBUL
_p23.00
_r0
_sY
_tBOOK
_u2015-7-6
_xPOSGRADO
_PP57
_o.CIRCNOTE. No olvidar cambiar la fecha de devolución!!!!!!!
_o.STAFF. Colección General
994 _aC0
_bPEPRU
596 _a1
999 _aPGE 001.42 C22 2014
_wDEWEY
_c53115
_i64327
_d53115
_e2019-1-13
_f2021-11-4
_g5
_lCCODEBUL1
_mBUL
_n1
_p23.00
_r0
_sY
_tBOOK
_u2015-7-6
_xBIBLIOTECA
_PP57
_0COMPRA
_o.CIRCNOTE. No olvidar cambiar la fecha de devolución!!!!!!!
_o.STAFF. Colección General
999 _aPGE 001.42 C22 2014
_wDEWEY
_c2
_i79160
_d2019-10-24
_e2019-10-23
_f2021-11-4
_g4
_lCCODEBUL1
_mBUL
_n3
_p16.55
_r0
_sY
_tBOOK
_u2018-11-21
_xBIBLIOTECA
_PP69
_0COMPRA
_1FCOMPR2
_o.STAFF. Colección Ciencias de la Salud
980 _81
_gALBERTO SANCHEZ Responsable de Automatización